| 000 | 00418nam a22001457a 4500 | ||
|---|---|---|---|
| 003 | OSt | ||
| 005 | 20250710145011.0 | ||
| 008 | 250710b |||||||| |||| 00| 0 eng d | ||
| 040 | _cSVYASA | ||
| 100 |
_aShreasi Das _91062 |
||
| 245 | _aCognitive effects of a short-term yoga program in automobile graduate trainees: An observational study. | ||
| 260 |
_aBangaluru _bSvyasa _c2025 |
||
| 300 | _a56 p. | ||
| 942 |
_2ddc _cD _n0 |
||
| 999 |
_c20650 _d20650 |
||